|
|
|
|
| LEADER |
00000nam0a2200000 4500 |
| 001 |
38766 |
| 005 |
20231031010604.0 |
| 035 |
|
|
|a (RuTPU)RU\TPU\book\39578
|
| 090 |
|
|
|a 38766
|
| 100 |
|
|
|a 20020318d k y0rusy50 ca
|
| 101 |
0 |
|
|a rus
|
| 102 |
|
|
|a UA
|
| 105 |
|
|
|a y z 000zy
|
| 200 |
1 |
|
|a Математический анализ
|e учебник для университетов
|e В 3-х т.
|f И. И. Ляшко, А. К. Боярчук, Я. Г. Гай, А. Ф. Калайда
|
| 210 |
|
|
|a Киев
|c Вища школа
|d 1983-
|
| 300 |
|
|
|a Авторы на обложке не указаны.
|
| 701 |
|
1 |
|a Ляшко
|b И. И.
|g Иван Иванович
|
| 701 |
|
1 |
|a Боярчук
|b А. К.
|g Алексей Климентьевич
|
| 701 |
|
1 |
|a Гай
|b Я. Г.
|g Яков Гаврилович
|
| 701 |
|
1 |
|a Калайда
|b А. Ф.
|g Алексей Феофилович
|
| 801 |
|
1 |
|a RU
|b 63413507
|c 20020318
|g PSBO
|
| 801 |
|
2 |
|a RU
|b 63413507
|c 20031203
|g PSBO
|
| 942 |
|
|
|c BK
|